000
003300000a22001450004500
020
_a
0-8028-0166-8
041
0
_a
ENG
082
0
4
_a
G 891.6 C9784c
100
1
_a
Curtis, Adrian
245
1
0
_a
Ugarit : Ras Shamra / Adrian Curtis
260
_a
Grand Rapids, MI., USA : Eerdmans
300
_a
125 Pag
001
11203
942
_c
BK
999
_c
40569
_d
40569